| 000 | 00653nam a22001937a 4500 | ||
|---|---|---|---|
| 003 | SISC | ||
| 005 | 20160404092051.0 | ||
| 008 | 130907t xxu||||| |||| 00| 0 eng d | ||
| 020 | _a088441339x | ||
| 050 |
_aHS 3353.G5 _b.B885 1986 |
||
| 082 |
_aHS 369.46302 _bB82 1986 |
||
| 245 | _aBrownie girl scouts leader's guide / | ||
| 260 |
_aNew York : _bGirl Scouts of the United States of America, _cc1986. |
||
| 300 |
_a61 p. : _bill. ; _c28 cm. |
||
| 650 |
_aGirl Scouts _xHandbooks , manuals , etc. _917075 |
||
| 650 |
_aBrownie Girl Scouts _xUnited States _xHandbooks, manuals, etc _xJuvenile literature. _917076 |
||
| 942 |
_2lcc _cBK |
||
| 999 |
_c10601 _d10601 |
||